Constitutional law.(7th edition) (Record no. 38492)

MARC details
000 -LEADER
fixed length control field 00812nam a2200217 a 4500
008 - FIXED-LENGTH DATA ELEMENTS--GENERAL INFORMATION
fixed length control field 210413s2013 ||||||||||||||||| || u
020 ## - INTERNATIONAL STANDARD BOOK NUMBER
International Standard Book Number 9781454817574
050 ## - LIBRARY OF CONGRESS CALL NUMBER
Classification number KB 22 Sto
100 ## - MAIN ENTRY--PERSONAL NAME
Personal name Stone, Geoffrey R
245 10 - TITLE STATEMENT
Title Constitutional law.(7th edition)
Statement of responsibility, etc. By Geoffrey R. Stone; Louis Michael Seidman; Cass R. Sunstein; Mark V. Tushnet; Pamela S. Karlan
250 ## - EDITION STATEMENT
Edition statement 7th edition
260 ## - PUBLICATION, DISTRIBUTION, ETC.
Place of publication, distribution, etc. USA
Date of publication, distribution, etc. 2013
300 ## - PHYSICAL DESCRIPTION
Extent Ixxxviii,1684 pages
350 ## - PRICE (NR) (BK AM CF MU VM SE) [OBSOLETE]
Price 96.55
650 ## - SUBJECT ADDED ENTRY--TOPICAL TERM
Topical term or geographic name entry element CONSTITTUTIONAL LAW--UNITED STATES
700 ## - ADDED ENTRY--PERSONAL NAME
Personal name Sunstein, Cass R
700 ## - ADDED ENTRY--PERSONAL NAME
Personal name Tushnet, Mark V
700 ## - ADDED ENTRY--PERSONAL NAME
Personal name Seidman, Louis Micheal
700 ## - ADDED ENTRY--PERSONAL NAME
Personal name Pamela, Karlan S
995 ## - RECOMMENDATION 995 [LOCAL, UNIMARC FRANCE]
-- CBU-MAIN LIBRARY (Kitwe)
-- 96.55
-- 1
-- AVAILABLE
-- Apr 14, 2021
-- Main Library Open Access Collection
Holdings
Withdrawn status Lost status Source of classification or shelving scheme Damaged status Not for loan Home library Current library Shelving location Date acquired Total Checkouts Full call number Barcode Date last seen Price effective from Koha item type
          CBU-MAIN LIBRARY, KITWE. CBU-MAIN LIBRARY, KITWE.   11/30/2022   KB 22 Sto 750943 11/30/2022 11/30/2022 MONOGRAPH